| 000 | 02703cam a2200601Ia 4500 | ||
|---|---|---|---|
| 001 | sjds1500943 | ||
| 003 | sjds | ||
| 005 | 20180528161034.0 | ||
| 008 | 100426t20132010sp d 000 1 spa d | ||
| 020 | _a9788427200005 (pbk.) | ||
| 020 | _a8427200005 (pbk.) | ||
| 020 |
_a9788427202139 _c$19.99 |
||
| 020 |
_a842720213X _c$19.99 |
||
| 035 | _a426516 | ||
| 035 | _z(OCoLC)515493905 | ||
| 035 | _a(OCoLC)609431313 | ||
| 035 | _a426516 | ||
| 040 |
_aUPZ _cUPZ _dBTCTA _dYDXCP _dIFA _dUtOrBLW |
||
| 041 | 1 |
_aspa _heng |
|
| 049 | _aIFAA | ||
| 099 | _f2013 | ||
| 100 | 1 |
_aCollins, Suzanne, _eauthor. |
|
| 240 | 1 | 0 |
_aCatching fire. _lSpanish |
| 245 | 1 | 0 |
_aEn llamas / _cSuzanne Collins ; traducción de Pilar Ramírez Tello. |
| 250 | _a1a. edition. | ||
| 260 |
_aBarcelona : _bMolino, _c[2013], c2010 |
||
| 264 | 1 |
_aBarcelona : _bMolino, _c[2013] |
|
| 264 | 4 | _cc2010 | |
| 300 |
_a407 pages ; _c22 cm. |
||
| 336 |
_atext _btxt _2rdacontent |
||
| 337 |
_aunmediated _bn _2rdamedia |
||
| 338 |
_avolume _bnc _2rdacarrier |
||
| 490 | 1 |
_aSegundo libro de Los juegos del hambre ; _v2 |
|
| 500 | _aTítulo original: Catching fire. | ||
| 520 | _a"Katniss Everdeen ha sobrevivido a Los juegos del hambre. Pero el Capitolio quiere venganza. Contra todopron?stico, Katniss Everdeen y Peeta Mellark siguen vivos. Aunque Katniss deber?a sentirse aliviada, se rumorea queexiste una rebeli?n contra el Capitolio, una rebeli?n que puede que Katniss y Peeta hayan ayudado a inspirar. La naci?nles observa y hay mucho en juego. Un movimiento en falso y las consecuencias ser?n inimaginables"--casadellibro.com. | ||
| 520 | _aBy winning the annual Hunger Games, District 12 tributes Katniss Everdeen and Peeta Mellark have secured a life of safety and plenty for themselves and their families, but because they won by defying the rules, they unwittingly become the faces of an impending rebellion. | ||
| 546 | _aText in Spanish. | ||
| 650 | 0 |
_aContests _vJuvenile fiction. |
|
| 650 | 0 |
_aShipwreck survival _vJuvenile fiction. |
|
| 650 | 0 |
_aTelevision programs _vJuvenile fiction. |
|
| 650 | 0 |
_aInterpersonal relations _vJuvenile fiction. |
|
| 650 | 0 |
_aInsurgency _vJuvenile fiction. |
|
| 650 | 0 |
_aScience fiction _vJuvenile literature. |
|
| 650 | 7 |
_aConcursos _vNovela juvenil. _2local |
|
| 650 | 7 |
_aSupervivencia _vNovela juvenil. _2bidex |
|
| 650 | 7 |
_aTelevisión _xProgramas _vNovela juvenil. _2bidex |
|
| 650 | 7 |
_aRelaciones humanas _vNovela juvenil. _2bidex |
|
| 650 | 7 |
_aInsurrección _vNovela juvenil. _2bidex |
|
| 650 | 7 |
_aCiencia-ficción _vLiteratura juvenil. _2bidex |
|
| 700 | 1 | _aRamírez Tello, Pilar. | |
| 800 | 1 |
_aCollins, Suzanne. _tHunger Games. _lSpanish ; _vbook 2. |
|
| 942 | _cBK | ||
| 999 |
_c20795 _d20795 |
||